| 000 | 01257nam a2200241Ia 4500 | ||
|---|---|---|---|
| 003 | Ost | ||
| 005 | 20260507075355.0 | ||
| 008 | 260507s9999||||xx |||||||||||||| ||und|| | ||
| 020 | _a79363419779 | ||
| 040 | _cfsecg | ||
| 041 | _aara | ||
| 082 | _a330 | ||
| 100 |
_aعلي، أحمد شعبان محمد _eمؤلف |
||
| 245 | 0 |
_aالصكوك ودورها في تحقيق التنمية الإقتصادية : _bمفهومها- أنواعها- آليات التعامل بها / _c أحمد شعبان محمد علي |
|
| 260 |
_aالإسكندرية: _bدار التعليم الجامعي, _c2013 |
||
| 300 |
_a273 صفحة؛ _bإيضاحات ؛ _c25 سم |
||
| 504 | _aقائمة المراجع ص.263 | ||
| 520 | _aالأسواق المالية في ميزان الفقه الإسلامي- مفهوم وخصائص الصكوك- أنواع الصكوك- آليات التعامل بالصكوك- الرقابة على الصكوك- مخاطر الصكوك وآليات معالجتها- الدور التنموي للصكوك- تجارب البلدان في الصكوك وسبل التطبيق في مصر | ||
| 653 | _aالتنمية الإقتصادية | ||
| 653 | _aالشيكات | ||
| 653 | _aسندات السحب | ||
| 942 | _cكتاب | ||
| 999 |
_c44204 _d44204 |
||